Charakteristické črty a orientácia sociálneho zabezpečenia - európske trendy

Definícia sociálneho zabezpečenia. Zvyšovanie nákladov na sociálne zabezpečenie. Kľúčové oblasti modernizácie sociálneho zabezpečenia. Tvorba daňových systémov a systémov sociálneho zabezpečenia priaznivejších pre zamestnanosť. Uplatňovanie pružných systémov na riadenie prechodu z práce do dôchodku....

Celý popis

Uložené v:
Podrobná bibliografia
Hlavný autor: Rievajová, Eva
Médium: Kapitola
Jazyk:Slovak
Predmet:
Tagy: Pridať tag
Žiadne tagy, Buďte prvý, kto otaguje tento záznam!

MARC

LEADER 00000naa a2200000 4500
001 r035345
005 20230807090738.0
041 0 |a slo 
044 |a SK 
245 1 0 |a Charakteristické črty a orientácia sociálneho zabezpečenia - európske trendy  |c Eva Rievajová 
520 |a Definícia sociálneho zabezpečenia. Zvyšovanie nákladov na sociálne zabezpečenie. Kľúčové oblasti modernizácie sociálneho zabezpečenia. Tvorba daňových systémov a systémov sociálneho zabezpečenia priaznivejších pre zamestnanosť. Uplatňovanie pružných systémov na riadenie prechodu z práce do dôchodku. Riadenie potrieb nového typu starostlivosti o staré osoby. 
610 2 0 |a zabezpečenie sociálne 
610 2 0 |a náklady sociálne 
610 2 0 |a politika sociálna 
610 2 0 |a zamestnanosť 
610 2 0 |a starostlivosť sociálna 
610 2 0 |a dôchodky sociálne 
100 1 |a Rievajová, Eva